| 000 | 00776nam a22002417a 4500 | ||
|---|---|---|---|
| 005 | 20170124110011.0 | ||
| 010 | _a432213 | ||
| 020 | _c00.00 | ||
| 035 | _a432213 | ||
| 037 | _bCen Lib/Ret | ||
| 040 |
_aDPL _bEN |
||
| 082 |
_a381.09547 _bAND |
||
| 100 |
_aAndrus, J. Russell _917731 |
||
| 245 |
_aTrade, finance and development in Pakistan / _cby J. Russell Andrus [and] Azizali F. Mohammed |
||
| 260 |
_aPakistan _bOxford University Press _c1966 |
||
| 270 | _bKarachi | ||
| 300 |
_axii,289p. _c20cm(Hb) |
||
| 500 | _aIncludes bibliographical references and index | ||
| 650 |
_aPakistan -- Economic conditions _98037 |
||
| 650 |
_aFinance, Public -- Pakistan _917732 |
||
| 700 |
_aAzizali F. Mohammed _917733 |
||
| 942 |
_2ddc _cEN _h381.09547 _mAND |
||
| 999 |
_c126516 _d126516 |
||